000 01075nas a2200337 4500
001 BR2011004342
003 BR-BrBNA
005 20231205115045.0
007 ta
008 230509b bl.|||p| |||| 00| 00por d
040 _aBR-BrBNA
_bpor
_cBiblioteca Nacional de Agricultura
041 _a(Pt)
072 _aH60; F03
100 1 _aBelinelo, V.J.
100 1 _aVieira Filho, S.A.
100 1 _aAlmeida, M.S. de
100 1 _aAlves, D.L.F.
100 1 _aVeloso, D.P.
245 1 _aPotencial fitotóxico de Pterodon polygalaeflorus benth (Leguminosae)sobre Acanthospermum australe (Loefl.)O. Kuntze e Senna occidentalis (L.)Link
650 _aERVA DANINHA
650 _aFITOTOXICIDADE
650 _aACANTHOSPERUM AUSTRALE
650 _aCARRAPICHO
650 _aALELOPATIA
650 _aINIBIDOR DE CRESCIMENTO
650 _aINIBIDOR DE GERMINAÇÃO
650 _aHERBICIDA
773 0 _tRevista Caatinga (Brazil)
_xISSN 0100-316X
_g(Oct-Dec 2009), v. 22(4) p. 108-115
_wBR2011004342
909 _a202311
_bLúcia
_c55
_dLúcia Elande
942 _2AGRIS
_n0
_cANA
999 _c211875
_d211875